• 首页
  • 本馆介绍
  • 公告通知
  • 最新文献
  • 馆藏检索
  • 电子资源
  • 读者导购
  • 参考咨询
  • 我的图书馆
  • 登录
  • 详细信息显示
  • 放入我的书架
  • 预约/预借图书
  • 作者相关作品
  • 分类相关作品
  • 丛书相关作品
  • 出版社相关作品

书目信息

  • 表格格式
  • 工作单格式
  • 卡片格式
题名:
整党文件资料汇编
    
 
作者: ;中共山东省委整党工作办公室 , 中共山东省委宣传部 编
分册:  
出版信息: 济南   山东人民出版社  1984
页数: 381页
开本: 19cm
丛书名:
单 册:
中图分类: D264
科图分类:
主题词: 整党-中国共产党--文件
电子资源:
ISBN: 3099.827
000 00852nam0 2200253 450
001 0184006425
005 20100712220815.0
010    @a3099.827@dCNY1.30
091    @a3099.827
100    @a19960215d1984 em y0chiy0110 ea
101 0  @achi
102    @aCN@b370000
105    @ay z 000yy
106    @ar
200 1  @a整党文件资料汇编@9Zheng Dang Wen Jian Zi Liao Hui Bian @f中共山东省委整党工作办公室,中共山东省委宣传部编
210    @a济南@c山东人民出版社@d1984
215    @a381页@d19cm
601 0  @a中国共产党@x整党@x文件
606 0  @a整党-中国共产党@x文件
690    @aD264@v3
711 02 @a中共山东省委整党工作办公室@9zhong gong shan dong sheng wei zheng dang gong zuo ban gong shi@4编
711 02 @a中共山东省委宣传部@9zhong gong shan dong sheng wei xuan chuan bu@4编
801  0 @aCN@bAzMarc@c20130904
905    @aBZT@dD264@e3@f4@sD264/3
    
    整党文件资料汇编/中共山东省委整党工作办公室,中共山东省委宣传部编.-济南:山东人民出版社,1984
    381页;19cm
    
    
    ISBN 3099.827:CNY1.30
    
●
相关链接 在五车中查询图书 在当当中查询图书 在豆瓣中查询图书


正题名:整党文件资料汇编     索取号:D264/3         预约/预借

序号 登录号 条形码 馆藏地/架位号 状态 备注
1 2000033941   2000033941   旧书回溯/ [索取号:D264/3] 在馆    
2 2000097604   2000097604   旧书回溯/ [索取号:D264/3] 在馆    
3 2000118362   2000118362   旧书回溯/ [索取号:D264/3] 在馆    
4 2000132732   2000132732   旧书回溯/ [索取号:D264/3] 在馆    
山东省滨州职业学院图书馆 欢迎您!
大连网信软件有限公司© 版权所有